000
00318nam a2200133Ia 4500
008
240624s9999 xx 000 0 und d
041
_a
eng
082
_a
363 JAG
100
_a
JAGTIANI LATA
245
_a
MUMBAI TERROR ATTACKS
260
_c
2009
_a
New Delhi
_b
Rupa and Company
300
_a
400 : p.
365
_c
RS
_b
25
999
_c
17614
_d
17614